Statistiques concernant Pays les plus visités par les australiens

Cliquez ici pour prendre le quiz!

Statistiques générales

  • Ce quiz a été pris 15 871 fois
    (8 925 depuis la dernière actualisation)
  • Le résultat moyen est 11 sur 15

Statistiques - réponses

#Pays% Correct
157 510France
99%
667 100États-Unis
97%
446 570Chine
95%
509 100Japon
93%
1 263 530Nouvelle-Zélande
89%
604 980Royaume-Uni
83%
488 980Inde
79%
1 368 050Indonésie
77%
500 870Thaïlande
70%
311 760Italie
65%
332 640Viêt Nam
61%
241 790Malaisie
55%
233 170Philippines
52%
326 200Singapour
46%
387 470Fidji
42%

Distribution des résultats

Percentile par nombre de réponses

% des personnes avec chaque résultat

Votre développement - résultats

Vous n’avez pas pris ce quiz depuis la dernière actualisation